Organizované podujatia vo vybraných strediskách cestovného ruchu na Slovensku

Analýza ponuky organizovaných podujatí vo vybraných 38 strediskách cestovného ruchu (percentuálne vyjadrenie). Strediská z hľadiska organizovaných podujatí: kultúrne, športové, obchodné a iné podujatia. Podujatia organizované podľa typu strediska: mestské, kúpeľné, rekreačné stredisko. Organizované...

Full description

Saved in:
Bibliographic Details
Main Author: Kmeco, Ľubomír
Format: Book Chapter
Language:Slovak
Subjects:
Tags: Add Tag
No Tags, Be the first to tag this record!

MARC

LEADER 00000naa$a2200000$$$4500
001 0030949
005 20231016072227.8
041 0 |a slo 
044 |a SK 
245 1 0 |a Organizované podujatia vo vybraných strediskách cestovného ruchu na Slovensku  |c Ľubomír Kmeco 
520 |a Analýza ponuky organizovaných podujatí vo vybraných 38 strediskách cestovného ruchu (percentuálne vyjadrenie). Strediská z hľadiska organizovaných podujatí: kultúrne, športové, obchodné a iné podujatia. Podujatia organizované podľa typu strediska: mestské, kúpeľné, rekreačné stredisko. Organizované podujatia z hľadiska organizátorov. Podujatia organizované združeniami cestovného ruchu. 
610 2 0 |a ruch cestovný 
610 2 0 |a strediská ruchu cestovného 
610 2 0 |a regióny 
610 2 0 |a obce 
610 2 0 |a mestá 
610 2 0 |a kúpele 
610 2 0 |a kultúra 
610 2 0 |a šport 
610 2 0 |a obchod 
610 2 0 |a inštitúcie verejnoprávne 
610 2 0 |a podnik súkromný 
100 1 |a Kmeco, Ľubomír